000
00273nam a22001217a 4500
008
181101b xxu||||| |||| 00| 0 eng d
041
_a
eng
080
_2
3TH
_a
370
100
_a
49
101
_a
EDU
245
_a
Hndbook Of Current english
_c
Smith.C.P
942
_2
udc
_c
BK
999
_c
51499
_d
51499